[Event "RUS-ch Seniors"]
[Site "Odintsovo"]
[Date "2011.04.26"]
[Round "8"]
[White "Kornilov, Anatoly Aleksandrov"]
[Black "Mantsinov, E."]
[Result "0-1"]
[WhiteElo "2342"]
[BlackElo "2217"]
[PlyCount "76"]
[EventDate "2011.04.19"]
[EventType "swiss"]
[EventRounds "9"]
[EventCountry "RUS"]
[SourceTitle "CBM 142 Extra"]
[Source "ChessBase"]
[SourceDate "2011.06.27"]
[SourceVersion "1"]
[SourceVersionDate "2011.06.27"]
[SourceQuality "1"]

1. d4 d5 2. c4 e6 3. Nc3 Nf6 4. cxd5 exd5 5. Bg5 Be7 6. e3 Nbd7 7. Nf3 c6 8. Bd3 0-0 9. Qc2 Re8 10. 0-0 Nf8 11. Rab1 Ne4 12. Bxe7 Qxe7 13. b4 Ng6 14. b5 Bg4 15. Bxe4 dxe4 16. Nd2 cxb5 17. Rxb5 Rac8 18. Qb2 b6 19. Ndxe4 Bd7 20. Rb3 f5 21. Nd2 Be6 22. d5 Bd7 23. Nf3 f4 24. e4 Bg4 25. Nd4 f3 26. Nxf3 Bxf3 27. gxf3 Nh4 28. Ne2 Rf8 29. Ng3 Rf4 30. Kh1 g6 31. Rg1 Rcf8 32. Nh5 Rxf3 33. e5 Rxf2 34. Qc3 Nf3 35. Rb2 Qh4 36. Rxf2 Qxf2 37. Nf6+ Rxf6 38. Qc8+ Rf8 0-1

[Event "Botvinnik Memorial-B"]
[Site "Elista"]
[Date "2002.08.25"]
[Round "8"]
[White "Matanovic, Aleksandar"]
[Black "Mantsinov, E."]
[Result "1/2-1/2"]
[WhiteElo "2490"]
[BlackElo "2158"]
[PlyCount "134"]
[EventDate "2002.08.17"]
[EventType "tourn"]
[EventRounds "9"]
[EventCountry "RUS"]
[EventCategory "5"]
[SourceTitle "CBM 089 Extra"]
[Source "ChessBase"]
[SourceDate "2002.09.10"]
[SourceVersion "2"]
[SourceVersionDate "2002.09.10"]
[SourceQuality "1"]

1. e4 Nf6 2. e5 Nd5 3. d4 d6 4. Nf3 Bg4 5. Be2 Nc6 6. c4 Nb6 7. exd6 exd6 8. d5 Bxf3 9. Bxf3 Ne5 10. Be2 Be7 11. 0-0 0-0 12. Nd2 Bf6 13. Qc2 Re8 14. Ne4 Ng6 15. Nxf6+ Qxf6 16. Rd1 Re7 17. Bf1 Rae8 18. Be3 Ne5 19. h3 Qh4 20. Rd4 Qh5 21. Be2 Qg6 22. Qxg6 Nxg6 23. b4 Re4 24. Rad1 Na4 25. Bf1 Nc3 26. R1d2 f5 27. Rc2 f4 28. Rxe4 Nxe4 29. Bxa7 b6 30. Bd3 Nf6 31. c5 bxc5 32. bxc5 Ne5 33. Bf5 Nxd5 34. cxd6 cxd6 35. Rd2 Nc3 36. Rxd6 g6 37. Bc2 Nb5 38. Bb3+ Kg7 39. Ra6 Nxa7 40. Rxa7+ Kh6 41. Ra6 Nd3 42. Re6 Rc8 43. Re2 Rc1+ 44. Kh2 Rf1 45. Bd5 Nxf2 46. g3 Nd3 47. Rd2 fxg3+ 48. Kxg3 Nb4 49. Bb3 Nc6 50. Kg2 Rf8 51. a4 Rb8 52. Bc4 Rb4 53. Bb5 Na5 54. Kg3 Kg5 55. Rd5+ Kf6 56. Bd7 Ke7 57. h4 h6 58. Bb5 Ke6 59. Rd3 Ke5 60. Re3+ Kf6 61. Bd7 Rb3 62. Rxb3 Nxb3 63. Bc6 g5 64. h5 Ke5 65. Be8 Na5 66. Kf3 Nc4 67. Bb5 Na5 1/2-1/2

[Event "Botvinnik Memorial-B"]
[Site "Elista"]
[Date "2002.08.19"]
[Round "3"]
[White "Mantsinov, E."]
[Black "Osnos, Viatcheslav"]
[Result "1/2-1/2"]
[WhiteElo "2158"]
[BlackElo "2384"]
[PlyCount "56"]
[EventDate "2002.08.17"]
[EventType "tourn"]
[EventRounds "9"]
[EventCountry "RUS"]
[EventCategory "5"]
[SourceTitle "CBM 089 Extra"]
[Source "ChessBase"]
[SourceDate "2002.09.10"]
[SourceVersion "2"]
[SourceVersionDate "2002.09.10"]
[SourceQuality "1"]

1. Nf3 Nf6 2. g3 d5 3. Bg2 c5 4. c4 d4 5. d3 Nc6 6. Na3 e5 7. 0-0 Be7 8. Nc2 0-0 9. Rb1 h6 10. a3 a5 11. b3 Bf5 12. Bd2 e4 13. Nfe1 exd3 14. exd3 Bg4 15. f3 Bd7 16. b4 axb4 17. axb4 b6 18. b5 Nb8 19. f4 Bg4 20. Qc1 Ra7 21. h3 Bc8 22. Ra1 Rxa1 23. Qxa1 Bd6 24. Nf3 Re8 25. Ne5 Nbd7 26. Nc6 Qc7 27. Qd1 Bb7 28. Re1 Rxe1+ 1/2-1/2

[Event "Botvinnik Memorial-B"]
[Site "Elista"]
[Date "2002.08.17"]
[Round "1"]
[White "Mantsinov, E."]
[Black "Kremenietsky, Anatoly M"]
[Result "0-1"]
[WhiteElo "2158"]
[BlackElo "2375"]
[PlyCount "117"]
[EventDate "2002.08.17"]
[EventType "tourn"]
[EventRounds "9"]
[EventCountry "RUS"]
[EventCategory "5"]
[SourceTitle "CBM 089 Extra"]
[Source "ChessBase"]
[SourceDate "2002.09.10"]
[SourceVersion "2"]
[SourceVersionDate "2002.09.10"]
[SourceQuality "1"]

1. Nf3 c5 2. g3 Nc6 3. c4 e5 4. Nc3 g6 5. Bg2 Bg7 6. d3 d6 7. 0-0 Nge7 8. Bd2 a6 9. Rb1 Rb8 10. a3 b5 11. cxb5 axb5 12. b4 cxb4 13. axb4 h6 14. Qc1 Be6 15. Re1 Qd7 16. e4 g5 17. Be3 Ng6 18. Nd5 Bxd5 19. exd5 Nce7 20. Nd2 f5 21. Nb3 0-0 22. Bd2 e4 23. dxe4 f4 24. Qd1 g4 25. Rc1 h5 26. Bc3 Bxc3 27. Rxc3 h4 28. Nd4 Rfc8 29. Rxc8+ Qxc8 30. Ne6 f3 31. Qd4 Ne5 32. Bf1 hxg3 33. hxg3 Kf7 34. Qe3 Qh8 35. Qf4+ Qf6 36. Qxf6+ Kxf6 37. Nd4 Nc4 38. Rc1 Ng6 39. Nc6 Ra8 40. Bxc4 bxc4 41. b5 Ra2 42. Rxc4 Ra1+ 43. Kh2 Ra2 44. b6 Rxf2+ 45. Kg1 Rg2+ 46. Kf1 Nf8 47. b7 Nd7 48. b8Q Nxb8 49. Nxb8 Rxg3 50. Nd7+ Ke7 51. Rc7 Kd8 52. Ra7 Rh3 53. Kf2 Rh2+ 54. Ke3 Re2+ 55. Kd3 Re1 56. Nf8 f2 57. Ne6+ Kc8 58. Rf7 g3 59. Kd4 0-1

[Event "RUS-ch 54th"]
[Site "Elista"]
[Date "2001.05.08"]
[Round "8"]
[White "Poddubnyi, Viktor"]
[Black "Mantsinov, E."]
[Result "1/2-1/2"]
[WhiteElo "2240"]
[BlackElo "2167"]
[PlyCount "105"]
[EventDate "2001.04.29"]
[EventType "swiss"]
[EventRounds "9"]
[EventCountry "RUS"]
[SourceTitle "CBM 083"]
[Source "ChessBase"]
[SourceDate "2001.07.05"]
[SourceVersion "1"]
[SourceVersionDate "2001.07.05"]
[SourceQuality "1"]

1. e4 d5 2. exd5 Nf6 3. c4 c6 4. d4 cxd5 5. Nc3 Nc6 6. Bg5 e6 7. Nf3 Be7 8. c5 0-0 9. Bb5 Ne4 10. Bxe7 Nxe7 11. Bd3 f5 12. 0-0 b6 13. Na4 Bd7 14. b4 Qe8 15. Bc2 Rb8 16. a3 Ng6 17. Rc1 Nf4 18. Ne5 b5 19. Bxe4 fxe4 20. c6 Bxc6 21. Rxc6 bxa4 22. g3 Nd3 23. Ra6 Nxe5 24. dxe5 Qf7 25. Qd4 Rbc8 26. Rxa7 Qf5 27. Rxa4 Rc4 28. Qb6 Qxe5 29. Ra6 Re8 30. b5 d4 31. Qd6 Qxb5 32. Ra7 Qd5 33. Qxd5 exd5 34. Rb1 Rc6 35. Rd7 d3 36. Rxd5 Re7 37. Re1 Rc3 38. a4 Kf7 39. Rd4 Kf6 40. Kg2 Kf5 41. Re3 Re6 42. g4+ Kf4 43. h3 g6 44. Rd5 Rc4 45. a5 Re5 46. Rd7 Rxa5 47. Rf7+ Ke5 48. Re1 d2 49. Rd1 Rd5 50. Kf1 h6 51. Rh7 Kf4 52. Ke2 Kg5 53. Rxd2 1/2-1/2

[Event "RUS-ch 54th"]
[Site "Elista"]
[Date "2001.05.03"]
[Round "4"]
[White "Pridorozhni, Aleksei"]
[Black "Mantsinov, E."]
[Result "1-0"]
[WhiteElo "2352"]
[BlackElo "2167"]
[PlyCount "91"]
[EventDate "2001.04.29"]
[EventType "swiss"]
[EventRounds "9"]
[EventCountry "RUS"]
[SourceTitle "CBM 083"]
[Source "ChessBase"]
[SourceDate "2001.07.05"]
[SourceVersion "1"]
[SourceVersionDate "2001.07.05"]
[SourceQuality "1"]

1. e4 e5 2. f4 d5 3. exd5 e4 4. d3 Nf6 5. dxe4 Nxe4 6. Nf3 Bc5 7. Bd3 Nf6 8. Qe2+ Kf8 9. c4 c6 10. dxc6 Nxc6 11. Be3 Qb6 12. Bxc5+ Qxc5 13. Nc3 Bg4 14. 0-0-0 Nd4 15. Qe5 Ne6 16. Qxc5+ Nxc5 17. Be2 g6 18. h3 Bf5 19. g4 Be4 20. Rhe1 Kg7 21. b4 Bxf3 22. Bxf3 Ne6 23. g5 Ne8 24. Rd7 Rd8 25. Rxb7 Nxf4 26. Ree7 Nd6 27. Rxa7 Rhf8 28. c5 Nc8 29. Kc2 Nxa7 30. Rxa7 Rfe8 31. c6 Ne6 32. Bd5 Nd4+ 33. Kb2 Rxd5 34. Nxd5 Re2+ 35. Kc3 Nxc6 36. Ra6 Nd8 37. h4 h6 38. a4 hxg5 39. hxg5 Re5 40. Rd6 Ne6 41. a5 Nxg5 42. a6 Re1 43. Kb2 Re2+ 44. Ka3 Re1 45. Nc3 Re3 46. Rc6 1-0